লোডিং...

Fisheries management: progress towards sustainability

গ্রন্থ-পঞ্জীর বিবরন
প্রধান লেখক: Mcclanahan, Tim R. (ed. by)
অন্যান্য লেখক: Castilla, Juan Carlos
বিন্যাস: Printed Book
ভাষা:English
প্রকাশিত: Oxford Blackwell Publishing 2007
বিষয়গুলি:
LEADER 00732nam a2200253 a 4500
001 adlib96000001
003 ViArRB
005 20151026132323.0
008 960221s1955 dcuabcdjdbkoqu001 0deng d
020 |a 9781405139328 
022
040 |a Adlib 
082 |a 639.2 
245 |a Fisheries management: progress towards sustainability 
250
260 |a Oxford  |b Blackwell Publishing  |c 2007 
300 |a xix, 332p. 
500 |a   
100 |a Mcclanahan, Tim R.  |e ed. by 
700 |a Castilla, Juan Carlos 
942 |c BK  |6 _ 
653 |a fisheries management  |a Fisheries 
999 |c 46209  |d 46209 
952 |0 0  |1 0  |4 0  |6 6392_MCC  |7 0  |9 58700  |a UL  |b UL  |d 2010-06-16  |l 5  |o 639.2 MCC  |p 00058081  |r 2013-04-18  |s 2013-04-06  |w 2010-06-16  |y BK